000
00237 a2200097 4500
001
51022
100
_a
Taylor Michael
245
_a
Aircraft Facts & Feats
260
_a
Great Britain
_b
Guinness Superlatives Ltd
_c
090
_c
32310
_d
32310
942
_a
NUST-CAE
_c
M
_c
24793
999
_c
286095
_d
286095